000 01536nam a22002897a 4500
005 20180816122553.0
008 101019t xxu||||| |||| 00| 0 hin d
010 _aHIN-96315 राष्ट्रपति-2 B-691878 B-696506-521 MPLADS
020 _c175.00
_a8188121223
035 _aHN-68661
035 _aB-691878
035 _aB-696506-521
037 _bDBAD / PUB
037 _bपरमेश्वरी
040 _aDPL
_bHN
082 _a
100 _923632
_aगुप्त,विश्वनाथ
245 _aदेश-विदेश की लोककथाएं /
_cविश्वनाथ गुप्त
260 _aदिल्ली
_bपरमेश्वरी प्रकाशन
_c2012
_c2017
270 _bदिल्ली
_aबी-109, प्रीत विहार
_e110092
300 1 _a119पृ.
_c22सेमी (सजिल्द)
500 _aराष्ट्रपति-2
650 _9657
_aहिन्दी कथा संग्रह
942 _2ddc
_cCH
_mगुप्तवि
_h
999 _c68734
_d68734